Polskie miasta, przez które przechodzi południk 21 - Statystyki

Ogólne statystyki
  • Ten quiz został rozwiązany 90 razy
  • Średni wynik to 4 z 10
Statystyki odpowiedzi
Województwo Szerokość geograficzna Miasto % Poprawnych
Mazowieckie 52°14'50.0"N Warszawa
90%
Małopolskie 50°01'00.2"N Tarnów
50%
Warmińsko-Mazurskie 53°33'48.0"N Szczytno
45%
Mazowieckie 52°04'03.0"N Piaseczno
43%
Małopolskie 50°10'19.5"N Dąbrowa Tarnowska
33%
Małopolskie 49°47'11.0"N Ciężkowice
29%
Małopolskie 49°36'38.9"N Grybów
29%
Warmińsko-Mazurskie 54°15'26.7"N Sępopol
29%
Świętokrzyskie 50°35'26.1"N Szydłów
26%
Świętokrzyskie 51°04'32.7"N Wąchock
21%
Nie znaleziono quizów pasujących do podanych kryteriów
Rozkład punktacji
Procent ludzi z każdym wynikiem
Percentyl według liczby udzielonych odpowiedzi
Twoja historia wyników
Nie rozwiązałeś tego quizu